[Event "Superettan(Orgryte-Horndal)"]
[Site "?"]
[Date "2017.03.26"]
[Round "9"]
[White "Bengts, Torleif"]
[Black "Lauritzson, Peter"]
[Result "0-1"]
[WhiteElo "2082"]
[BlackElo "2133"]
[PlyCount "52"]
1. e4 c5 2. c3 Nf6 3. Bd3 Nc6 4. f4 e5 5. Bc2 d5 6. d3 dxe4 7. dxe4 Qxd1+ 8.
Kxd1 Bg4+ 9. Nf3 Rd8+ 10. Ke2 exf4 11. Bxf4 Nh5 12. Be3 Bd6 13. Nbd2 O-O 14. g3
Ne5 15. Kf2 Bxf3 16. Nxf3 Ng4+ 17. Ke2 Bxg3 18. Bxc5 Rfe8 19. Rag1 Rxe4+ 20.
Kf1 Ne3+ 21. Bxe3 Rxe3 22. hxg3 Rxf3+ 23. Ke2 Rxg3 24. Bxh7+ Kf8 25. Rf1 Rg5
26. Kf3 g6 0-1

[Event "Superettan(Vasteras-Burgsvik)"]
[Site "?"]
[Date "2017.03.26"]
[Round "9"]
[White "Larsson, Victor"]
[Black "Carlsson, Ludvig"]
[Result "1/2-1/2"]
[WhiteElo "2153"]
[BlackElo "2024"]
[PlyCount "154"]
1. d4 e6 2. c4 b6 3. Nf3 Bb7 4. Nc3 Bb4 5. Qb3 c5 6. dxc5 bxc5 7. a3 Bxc3+ 8.
Qxc3 Nf6 9. Be3 Na6 10. b4 O-O 11. b5 Ne4 12. Qd3 Nc7 13. Nd2 Qf6 14. Rc1 Nxd2
15. Qxd2 Qe7 16. f3 Rfd8 17. g3 Rac8 18. Qa5 a6 19. Qb6 Ba8 20. bxa6 d5 21.
Bxc5 Qd7 22. Rd1 Nxa6 23. Qxa6 Rxc5 24. e3 Qc7 25. Qa4 dxc4 26. Rxd8+ Qxd8 27.
Be2 Qa5+ 28. Qxa5 Rxa5 29. Kd2 Rxa3 30. Rc1 Bb7 31. Bxc4 Bxf3 32. Bd5 g6 33.
Bxf3 Kg7 34. h4 h5 35. Rc3 Ra7 36. Kd3 Kf6 37. Bc6 Ra1 38. Ke4 Ra5 39. Be8 Ra8
40. Bb5 Ra5 41. Bd3 Ra7 42. Kf4 Ra4+ 43. Rc4 Ra3 44. Bc2 Ra1 45. e4 Rf1+ 46.
Ke3 Rg1 47. Kf2 Ra1 48. Rc5 Ra7 49. Kf3 Ra3+ 50. Kf4 e5+ 51. Rxe5 Rxg3 52. Rxh5
Rc3 53. e5+ Ke6 54. Bf5+ gxf5 55. Rh6+ Ke7 56. Kxf5 Rc1 57. Ra6 Rf1+ 58. Kg5
Rg1+ 59. Kh6 Rf1 60. h5 f6 61. Ra7+ Ke6 62. Kg7 Rg1+ 63. Kh7 fxe5 64. h6 Kf5
65. Kh8 e4 66. Rg7 Rh1 67. h7 e3 68. Kg8 Kf4 69. Rf7+ Kg3 70. Re7 Kf2 71. Rf7+
Ke1 72. Ra7 Rxh7 73. Kxh7 e2 74. Kg6 Kf1 75. Rf7+ Kg2 76. Re7 Kf2 77. Rxe2+
Kxe2 1/2-1/2

[Event "Superettan(Schack 08-Stockholm)"]
[Site "?"]
[Date "2017.03.26"]
[Round "9"]
[White "Kassani, Sam"]
[Black "Arvidsson, Tomas"]
[Result "1-0"]
[WhiteElo "2126"]
[BlackElo "1995"]
[PlyCount "81"]
1. Nf3 Nf6 2. d4 g6 3. Bf4 Bg7 4. e3 d6 5. h3 O-O 6. Be2 Nbd7 7. O-O Ne4 8. Bh2
c5 9. c3 Ndf6 10. Nbd2 cxd4 11. exd4 Nxd2 12. Qxd2 Qa5 13. Rfe1 Re8 14. Bc4 d5
15. Bd3 Bd7 16. Ne5 Bb5 17. Bc2 Rac8 18. Qf4 Rf8 19. a4 Be8 20. f3 Qb6 21. Nd3
e6 22. a5 Qb5 23. Qd2 Qd7 24. g4 Qe7 25. Bf4 Bb5 26. Bg5 Bxd3 27. Bxd3 Qc7 28.
Bf4 Qd8 29. Kg2 Ne8 30. h4 Nd6 31. h5 gxh5 32. Rh1 h4 33. Bxd6 Qxd6 34. Rxh4 f5
35. Rah1 Rf6 36. Rxh7 fxg4 37. Rxg7+ Kxg7 38. Qg5+ Kf7 39. Rh7+ Ke8 40. Qxf6
gxf3+ 41. Kxf3 1-0

[Event "Superettan(Orgryte-Horndal)"]
[Site "?"]
[Date "2017.03.26"]
[Round "9"]
[White "Subramanian, Aditya"]
[Black "Eriksson, Magnus"]
[Result "1/2-1/2"]
[WhiteElo "2044"]
[BlackElo "2037"]
[PlyCount "95"]
1. Nf3 Nf6 2. e3 d5 3. c4 e6 4. d4 c6 5. Nc3 Nbd7 6. Bd2 Bd6 7. Bd3 O-O 8. O-O
e5 9. cxd5 cxd5 10. Nb5 Bb8 11. dxe5 Nxe5 12. Nxe5 Bxe5 13. Bc3 Bxh2+ 14. Kxh2
Ng4+ 15. Kg3 a6 16. Nd4 Qd6+ 17. f4 Nxe3 18. Qh5 Nxf1+ 19. Rxf1 f5 20. Nf3 Bd7
21. Qg5 Rf7 22. Ne5 Rf6 23. Nc4 dxc4 24. Bxf6 Qxf6 25. Bxc4+ Kf8 26. Qxf6+ gxf6
27. Bd5 Rb8 28. Rh1 Kg7 29. Re1 Kf8 30. Rh1 Kg7 31. Rc1 Rc8 32. Re1 Bc6 33.
Bxc6 bxc6 34. Rc1 Kf7 35. Rc5 Ke6 36. Kf3 Rc7 37. b4 Rc8 38. a4 Rc7 39. Ra5 Rb7
40. Rxa6 Rxb4 41. Rxc6+ Kd5 42. Rxf6 Rb3+ 43. Kf2 Ke4 44. Rh6 Kxf4 45. Rxh7
Rb2+ 46. Kg1 Ra2 47. Kh2 Kg4 48. Rg7+ 1/2-1/2

[Event "Superettan(Vasteras-Burgsvik)"]
[Site "?"]
[Date "2017.03.26"]
[Round "9"]
[White "Emmoth, Alfons"]
[Black "Andersson, Bjorn"]
[Result "1/2-1/2"]
[WhiteElo "2066"]
[BlackElo "2210"]
[PlyCount "166"]
1. d4 c5 2. d5 Nf6 3. Nc3 g6 4. e4 d6 5. Be2 Bg7 6. Nf3 O-O 7. O-O Na6 8. Nd2
Nc7 9. a4 a6 10. Nc4 b5 11. axb5 axb5 12. Rxa8 Nxa8 13. Nxb5 Nxe4 14. Bf3 Ba6
15. Nba3 Nf6 16. Re1 Re8 17. Bd2 Nd7 18. Ba5 Qb8 19. Qd2 Nab6 20. Nxb6 Nxb6 21.
b3 Nd7 22. Bd1 Nf6 23. c4 e5 24. dxe6 fxe6 25. Bc3 e5 26. Bc2 Nh5 27. Nb1 Bb7
28. f3 Nf4 29. Bb2 Ne6 30. b4 Nd4 31. bxc5 dxc5 32. Be4 Rd8 33. Qc1 Bxe4 34.
fxe4 Rf8 35. Ba3 Qc8 36. Qd1 Rd8 37. Nc3 Qa6 38. Nb5 Qa5 39. Nxd4 Qxa3 40. Qb3
Qa5 41. Nf3 Rf8 42. Rd1 h6 43. Qb7 Rf7 44. Qd5 Qc3 45. Rb1 Qe3+ 46. Kh1 Qf4 47.
Rb7 Qc1+ 48. Ng1 Qf4 49. g4 Bf8 50. Rxf7 Qxf7 51. Kg2 Kg7 52. Qxe5+ Kh7 53. Qd5
Qf4 54. Qe6 Bg7 55. Nf3 Qc1 56. e5 Qf4 57. h3 Qe3 58. Qd5 h5 59. gxh5 gxh5 60.
e6 Kh6 61. Qd2 Qxd2+ 62. Nxd2 Kg6 63. Ne4 Bf8 64. h4 Kf5 65. Kf3 Kxe6 66. Kf4
Bh6+ 67. Kf3 Bf8 68. Ng3 Be7 69. Nxh5 Bxh4 70. Ke4 Kd6 71. Kf5 Bf2 72. Nf6 Kc6
73. Ke6 Bg1 74. Nd5 Bf2 75. Ne7+ Kb6 76. Kd5 Bg1 77. Nf5 Bf2 78. Nd6 Bg1 79.
Ne4 Bd4 80. Kd6 Ka5 81. Nxc5 Kb4 82. Ne6 Kxc4 83. Nxd4 Kxd4 1/2-1/2

[Event "Superettan(Schack 08-Stockholm)"]
[Site "?"]
[Date "2017.03.26"]
[Round "9"]
[White "Wikstrom, Per"]
[Black "Bergstrom, Rolf"]
[Result "1/2-1/2"]
[WhiteElo "2194"]
[BlackElo "2268"]
[PlyCount "39"]
1. d4 d6 2. Bf4 Nf6 3. e3 c5 4. Nd2 Nbd7 5. Ngf3 Nh5 6. Bg3 h6 7. c3 cxd4 8.
exd4 Nxg3 9. hxg3 e6 10. Bd3 Be7 11. Qe2 Nf6 12. Kf1 Bd7 13. Ne4 Nxe4 14. Qxe4
Qb6 15. Qe2 Bc6 16. Kg1 Bf6 17. Nh2 Be7 18. Nf3 Bf6 19. Nh2 Be7 20. Nf3 1/2-1/2

[Event "Superettan(Upsala-Kamraterna)"]
[Site "?"]
[Date "2017.03.26"]
[Round "9"]
[White "Aberg, Anton"]
[Black "Johansson, Jan"]
[Result "1-0"]
[WhiteElo "2382"]
[BlackElo "2355"]
[PlyCount "79"]
[SourceDate "2017.04.08"]
1. d4 Nf6 2. Bg5 Ne4 3. Bf4 c5 4. d5 Qb6 5. Nd2 Nxd2 6. Bxd2 Qxb2 7. e4 Qb6 8.
Nf3 d6 9. h3 Nd7 10. Bc4 g6 11. Bc3 Rg8 12. Rb1 Bg7 13. Bd2 Qc7 14. O-O h6 15.
Qe1 g5 16. Kh1 Bf6 17. Be2 h5 18. Nh2 Rh8 19. f4 gxf4 20. Bxf4 Ne5 21. Bxe5
Bxe5 22. Qd1 Bd7 23. Bxh5 O-O-O 24. Bxf7 Kb8 25. c4 Qa5 26. Qb3 b6 27. Be6 Bxe6
28. dxe6 Rdg8 29. Nf3 Bf6 30. Rf2 Qa6 31. a4 Qc8 32. a5 Qxe6 33. axb6 a6 34. e5
dxe5 35. Ng1 e4 36. Ra2 e3 37. Rxa6 Qe4 38. Ra2 Rg3 39. b7 Kc7 40. b8=Q+ 1-0

[Event "Superettan(Vaxjo-Rockaden,Sthlm II)"]
[Site "?"]
[Date "2017.03.26"]
[Round "9"]
[White "Backman, Michael"]
[Black "Christiansen, Johan-Sebastian"]
[Result "0-1"]
[WhiteElo "2147"]
[BlackElo "2428"]
[PlyCount "66"]
1. d4 Nf6 2. c4 c5 3. d5 b5 4. cxb5 a6 5. bxa6 g6 6. Nc3 Bg7 7. e4 O-O 8. e5
Ne8 9. Nf3 d6 10. e6 fxe6 11. h4 Nf6 12. h5 gxh5 13. Bd3 e5 14. Ng5 h6 15. Bg6
hxg5 16. Bxg5 Bg4 17. f3 Bd7 18. Qd2 Be8 19. Bf5 Nh7 20. Be6+ Kh8 21. O-O-O
Nxa6 22. g4 Rxf3 23. gxh5 Nb4 24. h6 Bf8 25. Rdg1 Bg6 26. Be3 Qe8 27. a3 Nf6
28. h7 Bg7 29. Bh6 Bxh6 30. Qxh6 Rxc3+ 31. bxc3 Qa4 32. Qxg6 Qxa3+ 33. Kd1 Qa1+
0-1

[Event "Superettan(Upsala-Kamraterna)"]
[Site "?"]
[Date "2017.03.26"]
[Round "9"]
[White "Thorgeirsson, Sverrir"]
[Black "Andreasson, Ingvar"]
[Result "1-0"]
[WhiteElo "2283"]
[BlackElo "2363"]
[PlyCount "53"]
1. d4 Nf6 2. c4 c5 3. d5 b5 4. cxb5 a6 5. bxa6 g6 6. Nc3 Bxa6 7. g3 d6 8. e4
Bxf1 9. Kxf1 Bg7 10. Kg2 O-O 11. Nf3 Nbd7 12. Qc2 Qb6 13. Rb1 e6 14. b3 exd5
15. exd5 Qb7 16. Rd1 Rfe8 17. a4 Nb6 18. Qd3 Re7 19. Bf4 Rae8 20. Nb5 Nbxd5 21.
Nxd6 Nxf4+ 22. gxf4 Nh5 23. Nxb7 Nxf4+ 24. Kf1 Nxd3 25. Nd6 Nb2 26. Rd2 Rd8 27.
Nf5 1-0

[Event "Superettan(Vaxjo-Rockaden,Sthlm II)"]
[Site "?"]
[Date "2017.03.26"]
[Round "9"]
[White "Rydstrom, Tom"]
[Black "Tuomainen, Felix"]
[Result "1/2-1/2"]
[WhiteElo "2243"]
[BlackElo "2260"]
[PlyCount "83"]
1. e4 e6 2. d4 d5 3. Nc3 Nf6 4. e5 Nfd7 5. f4 c5 6. Nf3 Nc6 7. Be3 Be7 8. Qd2
a6 9. Be2 O-O 10. O-O b5 11. Nd1 b4 12. c3 a5 13. Rc1 Qb6 14. Kh1 Ba6 15. Bxa6
Qxa6 16. Qf2 bxc3 17. Nxc3 cxd4 18. Nxd4 Nxd4 19. Bxd4 Rac8 20. f5 Bc5 21. Bxc5
Nxc5 22. f6 g5 23. Qe3 h6 24. Rcd1 Ne4 25. Nxe4 dxe4 26. h4 Rc2 27. hxg5 Qe2
28. Qxe2 Rxe2 29. Rde1 Rxe1 30. Rxe1 hxg5 31. Rxe4 Kh7 32. Ra4 Rb8 33. b3 Rb5
34. Re4 Kg6 35. a4 Rd5 36. Kg1 Rd2 37. g4 Rb2 38. Re3 Rd2 39. Re4 Rb2 40. Re3
Rd2 41. Re4 Rb2 42. Re3 1/2-1/2

[Event "Superettan(Upsala-Kamraterna)"]
[Site "?"]
[Date "2017.03.26"]
[Round "9"]
[White "Svenn, Gosta"]
[Black "Johansson, Thomas"]
[Result "1/2-1/2"]
[WhiteElo "2334"]
[BlackElo "2236"]
[PlyCount "99"]
1. d4 d5 2. c4 c6 3. Nf3 Nf6 4. e3 Bf5 5. Bd3 Bg6 6. O-O e6 7. a3 Nbd7 8. Nc3
Bd6 9. Re1 Ne4 10. Qc2 f5 11. b4 O-O 12. b5 Bh5 13. Be2 Qf6 14. a4 Bxf3 15.
Bxf3 Bb4 16. Bd2 cxb5 17. Bxe4 Bxc3 18. Bxc3 fxe4 19. axb5 Nb6 20. c5 Nc4 21.
Ra2 b6 22. Rea1 Rf7 23. h3 Qd8 24. Ra6 Qb8 25. Qa4 Rb7 26. Bb4 bxc5 27. Bxc5
Rxb5 28. Rxa7 Rb1+ 29. Rxb1 Qxb1+ 30. Kh2 Qb8+ 31. g3 Rxa7 32. Qxa7 Qxa7 33.
Bxa7 h5 34. Bb8 Kf7 35. Bc7 Kf6 36. g4 hxg4 37. hxg4 e5 38. Kg3 exd4 39. exd4
g5 40. Bd8+ Kg6 41. Be7 Nd2 42. f4 exf3 43. Bb4 Ne4+ 44. Kxf3 Kf6 45. Ke3 Ke6
46. Kf3 Kd7 47. Ke3 Kc6 48. Be7 Kb5 49. Kd3 Ka4 50. Kc2 1/2-1/2

[Event "Superettan(Vaxjo-Rockaden,Sthlm II)"]
[Site "?"]
[Date "2017.03.26"]
[Round "9"]
[White "Zadruzny, Nicolaj"]
[Black "Solodovnichenko, Yuri"]
[Result "0-1"]
[WhiteElo "2257"]
[BlackElo "2569"]
[PlyCount "64"]
1. e4 c5 2. Nf3 e6 3. b3 Nf6 4. e5 Nd5 5. c4 Nb4 6. Bb2 d6 7. a3 N4c6 8. exd6
Qxd6 9. b4 cxb4 10. d4 bxa3 11. Rxa3 Qf4 12. d5 Bxa3 13. Bxa3 Ne5 14. Nxe5
Qxe5+ 15. Be2 Na6 16. O-O Bd7 17. Re1 O-O-O 18. Bf3 Qc7 19. Qd4 exd5 20. Qxa7
Rhe8 21. Rc1 Bf5 22. Nd2 Bd3 23. g3 d4 24. c5 Re6 25. Nc4 Bxc4 26. Rxc4 Qb8 27.
Qb6 Rxb6 28. cxb6+ Kd7 29. Rxd4+ Ke6 30. Re4+ Kf5 31. Rf4+ Qxf4 32. gxf4 Rd3
0-1

[Event "Superettan(Upsala-Kamraterna)"]
[Site "?"]
[Date "2017.03.26"]
[Round "9"]
[White "Burwick, Malte"]
[Black "Svensson, Bengt"]
[Result "0-1"]
[WhiteElo "2251"]
[BlackElo "2323"]
[PlyCount "74"]
1. Nf3 d5 2. g3 Nf6 3. Bg2 c5 4. O-O Nc6 5. d3 e6 6. Nbd2 Be7 7. e4 O-O 8. e5
Nd7 9. Re1 b5 10. Nf1 b4 11. h4 a5 12. N1h2 a4 13. Bh3 a3 14. b3 Na7 15. Ng5
Qe8 16. h5 Nb5 17. h6 g6 18. f4 Qd8 19. Nhf3 Nc3 20. Qd2 c4 21. g4 cxd3 22.
cxd3 Nc5 23. d4 N5e4 24. Qe3 Ba6 25. Nd2 Nxg5 26. fxg5 Bxg5 27. Qf3 Bxh6 28.
Qg2 Rc8 29. Kh1 Bd3 30. Qh2 Bg5 31. Bg2 Ne2 32. Bf3 Bf4 33. Rxe2 Bxh2 34. Rxh2
Rc3 35. Kg2 Qc7 36. Rh1 Rc2 37. Kg3 Qc3 0-1

[Event "Superettan(Vaxjo-Rockaden,Sthlm II)"]
[Site "?"]
[Date "2017.03.26"]
[Round "9"]
[White "Lindberg, Bengt"]
[Black "Sorensen, Hampus"]
[Result "1-0"]
[WhiteElo "2376"]
[BlackElo "2128"]
[PlyCount "77"]
1. e4 e5 2. Nf3 Nc6 3. Bb5 a6 4. Ba4 Nf6 5. O-O Be7 6. Re1 b5 7. Bb3 O-O 8. c3
d5 9. exd5 Nxd5 10. Nxe5 Nxe5 11. Rxe5 c6 12. d4 Bd6 13. Re1 Qh4 14. g3 Qh3 15.
Re4 g5 16. Qf1 Qh5 17. Nd2 Bf5 18. f3 Nf6 19. a4 b4 20. Re3 Nd5 21. Re1 bxc3
22. bxc3 Qg6 23. Ne4 Be7 24. Bc2 Qg7 25. Bd2 Be6 26. Rab1 a5 27. Rb7 Bc8 28.
Rb2 f5 29. Nf2 c5 30. Bb3 Rd8 31. Qe2 Bf6 32. Bxd5+ Rxd5 33. Qe8+ Qf8 34. Qc6
Rd8 35. Qxa8 cxd4 36. Qc6 Kg7 37. cxd4 Bxd4 38. Bc3 Qf6 39. Qxf6+ 1-0

[Event "Superettan(Vaxjo-Stockholm)"]
[Site "?"]
[Date "2017.03.25"]
[Round "8"]
[White "Couso, Luis"]
[Black "Rydstrom, Tom"]
[Result "1/2-1/2"]
[WhiteElo "2299"]
[BlackElo "2243"]
[PlyCount "71"]
1. c4 e5 2. g3 Nf6 3. Bg2 d5 4. cxd5 Nxd5 5. Nc3 Nb6 6. Nf3 Nc6 7. O-O Be7 8.
a3 a5 9. d3 O-O 10. Be3 f5 11. Rc1 Be6 12. Na4 Nxa4 13. Qxa4 Bf6 14. Bc5 Re8
15. Rfd1 Qd7 16. e4 Qf7 17. Qb5 a4 18. exf5 Bxf5 19. Nd2 Reb8 20. Ne4 Na5 21.
Be3 c6 22. Qb4 Nb3 23. Rc2 Be7 24. Qc3 Qe6 25. Bb6 Bd8 26. Bxd8 Rxd8 27. Ng5
Qe7 28. Qc4+ Kf8 29. f4 Rd4 30. Qc3 Rad8 31. Re2 Rxd3 32. Rxd3 Rxd3 33. Qxe5
Rd1+ 34. Kf2 Qc5+ 35. Qxc5+ Nxc5 36. Ne4 1/2-1/2

[Event "Superettan(Rockaden,Sthlm II-Orgryte)"]
[Site "?"]
[Date "2017.03.25"]
[Round "8"]
[White "Arnelind, Mikael"]
[Black "Berglind, Axel"]
[Result "1-0"]
[WhiteElo "2177"]
[BlackElo "2093"]
[PlyCount "123"]
1. d4 d5 2. c4 c6 3. Nc3 Nf6 4. cxd5 cxd5 5. Bf4 Nc6 6. e3 a6 7. Bd3 e6 8. Rc1
Bd6 9. Bxd6 Qxd6 10. f4 O-O 11. Nf3 Nd7 12. O-O f5 13. Na4 b6 14. Ne5 Ncxe5 15.
fxe5 Qe7 16. Rc7 Qd8 17. Rc6 b5 18. Nc3 Nb6 19. Ne2 Bd7 20. Rc2 Rc8 21. b3 Rxc2
22. Qxc2 Qg5 23. Nf4 Rc8 24. Qd2 Qe7 25. Qa5 Qd8 26. Qd2 Qe7 27. Bb1 b4 28. Rc1
Bb5 29. Bd3 Bxd3 30. Rxc8+ Nxc8 31. Nxd3 a5 32. Qc2 Na7 33. Nf4 Kf7 34. Qe2 Nc6
35. Qb5 Qc7 36. Qc5 g6 37. h4 Qc8 38. Kh2 Qd7 39. Nh3 h6 40. Kg3 Qc8 41. Kh2
Qd7 42. Qb6 Qc8 43. Qb5 Qc7 44. Qc5 Qd7 45. Nf4 Qc7 46. Qf8+ Kxf8 47. Nxe6+ Kf7
48. Nxc7 Ne7 49. Kg3 g5 50. hxg5 hxg5 51. Kf3 g4+ 52. Kf4 Kg6 53. Ne8 Kh6 54.
e6 Kh5 55. g3 Kg6 56. Ke5 Kg5 57. Kd6 Ng6 58. Kxd5 f4 59. exf4+ Nxf4+ 60. gxf4+
Kxf4 61. Nf6 g3 62. Nh5+ 1-0

[Event "Superettan(Horndal-Upsala)"]
[Site "?"]
[Date "2017.03.25"]
[Round "8"]
[White "Malm Lindberg, Henrik"]
[Black "Tiger-Norqvist, Axel"]
[Result "1/2-1/2"]
[WhiteElo "2232"]
[BlackElo "2158"]
[PlyCount "83"]
1. e4 c5 2. Nf3 Nc6 3. d4 cxd4 4. Nxd4 Nf6 5. Nc3 e5 6. Ndb5 d6 7. Bg5 a6 8.
Na3 b5 9. Nd5 Be7 10. Bxf6 Bxf6 11. c3 Bg5 12. Nc2 O-O 13. a4 bxa4 14. Rxa4 a5
15. Bc4 Rb8 16. b3 Kh8 17. O-O g6 18. Qe2 Bd7 19. Rfa1 f5 20. exf5 gxf5 21. b4
axb4 22. cxb4 e4 23. Ra6 Bf6 24. Nxf6 Rxf6 25. Qd2 Rg6 26. R1a3 Qe7 27. Rg3
Rxg3 28. hxg3 Rc8 29. Ne3 Qe5 30. Bd5 Nd4 31. Rxd6 Be6 32. Rxe6 Nxe6 33. Bxe6
Qxe6 34. b5 Rb8 35. Qc3+ Kg8 36. Qc5 Rc8 37. Qxf5 Qxf5 38. Nxf5 Rc1+ 39. Kh2
Rc5 40. Nd6 e3 41. fxe3 Rd5 42. Nc4 1/2-1/2

[Event "Superettan(Vaxjo-Stockholm)"]
[Site "?"]
[Date "2017.03.25"]
[Round "8"]
[White "Olofsson-Dolk, Mattis"]
[Black "Wiander, Michael"]
[Result "1/2-1/2"]
[WhiteElo "2210"]
[BlackElo "2252"]
[PlyCount "116"]
1. e4 Nc6 2. Nf3 e6 3. d4 d5 4. e5 f6 5. Bb5 Bd7 6. Bxc6 Bxc6 7. O-O Qd7 8.
Nbd2 f5 9. c3 h6 10. a4 a5 11. Ne1 g5 12. Nd3 b6 13. b3 Kf7 14. h4 Be7 15. Ba3
Kg7 16. Bb2 Qe8 17. Rc1 f4 18. h5 Qf7 19. g4 Bd8 20. f3 Ne7 21. c4 Bb7 22. Ba3
Qe8 23. Bxe7 Qxe7 24. cxd5 Bxd5 25. Ne4 Qd7 26. Nf6 Bxf6 27. exf6+ Kxf6 28. Ne5
Qh7 29. Ng6 Rhc8 30. Qe2 Kf7 31. Qb5 Kg8 32. Rfe1 Qg7 33. Re5 c6 34. Qxb6 Qa7
35. Qc5 Qxc5 36. Rxc5 Ra7 37. Rxa5 Rca8 38. Ne7+ Kf7 39. Rxa7 Rxa7 40. Nxd5
exd5 41. Re2 Rb7 42. Rb2 Rb4 43. a5 Rxd4 44. Ra2 Rb4 45. a6 Rb8 46. Kf2 Ke6 47.
Ke2 Kd6 48. a7 Ra8 49. b4 Kc7 50. b5 Kb6 51. bxc6 Rxa7 52. Rc2 Rc7 53. Kd3 Rxc6
54. Ra2 Kc5 55. Ra8 Rb6 56. Rc8+ Rc6 57. Ra8 Rb6 58. Rc8+ Rc6 1/2-1/2

[Event "Superettan(Rockaden,Sthlm II-Orgryte)"]
[Site "?"]
[Date "2017.03.25"]
[Round "8"]
[White "Bit-Narva, David"]
[Black "Fransson, Patrick"]
[Result "1/2-1/2"]
[WhiteElo "2001"]
[BlackElo "2133"]
[PlyCount "60"]
1. e4 c6 2. d4 d5 3. exd5 cxd5 4. Bd3 Nc6 5. c3 Nf6 6. h3 e6 7. Bf4 Bd6 8. Bxd6
Qxd6 9. Nf3 O-O 10. O-O e5 11. dxe5 Nxe5 12. Nxe5 Qxe5 13. Nd2 Bd7 14. Nf3 Qd6
15. Bc2 b5 16. Qd4 a5 17. Ne5 Rab8 18. Nxd7 Qxd7 19. Rfd1 Rfd8 20. Qf4 Qc6 21.
Rac1 Qc4 22. Qxc4 bxc4 23. b3 Rbc8 24. Rd4 Re8 25. Kf1 Kf8 26. Bd1 Re5 27. Bf3
Ke7 28. Rcd1 cxb3 29. axb3 Rxc3 30. Bxd5 Nxd5 1/2-1/2

[Event "Superettan(Horndal-Upsala)"]
[Site "?"]
[Date "2017.03.25"]
[Round "8"]
[White "Korning, Peter"]
[Black "Cederberg, Karl Olof"]
[Result "1-0"]
[WhiteElo "2080"]
[BlackElo "2209"]
[PlyCount "89"]
1. e4 e5 2. Nf3 d6 3. d4 Nf6 4. Nc3 Nbd7 5. Bc4 Be7 6. a4 O-O 7. O-O c6 8. a5
Nxe4 9. Nxe4 d5 10. Bb3 dxe4 11. Nxe5 Nxe5 12. dxe5 Qc7 13. Bf4 Bf5 14. Bg3
Rad8 15. e6 Qc8 16. exf7+ Kh8 17. Qc1 Bf6 18. c3 Be6 19. Bxe6 Qxe6 20. Qe3 a6
21. f3 Rxf7 22. fxe4 Re7 23. Rae1 h6 24. Bf4 Rde8 25. Bxh6 Qxe4 26. Qxe4 Rxe4
27. Bd2 R4e5 28. b4 Rd8 29. Rxe5 Bxe5 30. Re1 Bf6 31. Re2 Rd3 32. Kf2 Kg8 33.
Be1 Rd8 34. g3 Rf8 35. Kg2 Kf7 36. h4 Kg6 37. Re3 Kf5 38. Kf3 g5 39. g4+ Kg6
40. h5+ Kg7 41. Ke2 Rd8 42. Bg3 c5 43. bxc5 Rd5 44. Bd6 Bd8 45. c4 1-0

[Event "Superettan(Vaxjo-Stockholm)"]
[Site "?"]
[Date "2017.03.25"]
[Round "8"]
[White "Bergstrom, Rolf"]
[Black "Moren, Bjorn"]
[Result "1/2-1/2"]
[WhiteElo "2268"]
[BlackElo "2083"]
[PlyCount "94"]
1. e4 d5 2. exd5 Qxd5 3. Nc3 Qd6 4. g3 Nf6 5. Bg2 c6 6. Nf3 Bg4 7. h3 Bh5 8.
O-O e6 9. Ne2 Nbd7 10. Nf4 Bxf3 11. Qxf3 Be7 12. Rd1 e5 13. Ne2 O-O 14. d3 Nc5
15. Nc3 Rad8 16. Be3 Qc7 17. Ne4 Nfxe4 18. dxe4 Ne6 19. c3 Bc5 20. Bd2 a5 21.
h4 Qb6 22. b3 Rd6 23. Be1 Rfd8 24. Bh3 Nc7 25. Rxd6 Bxd6 26. Rd1 Na6 27. Bf1 f6
28. Qg4 Kh8 29. Bxa6 bxa6 30. Qe6 Bf8 31. Qf7 h6 32. Rd2 Bc5 33. Rxd8+ Qxd8 34.
Qc4 Qd1 35. Kf1 Bf8 36. Qe2 Qb1 37. f3 a4 38. bxa4 a5 39. Kg2 Bc5 40. Qd2 Kh7
41. h5 Bb6 42. g4 Bc5 43. Kf1 Ba7 44. Kg2 Bc5 45. Bf2 Bxf2 46. Kxf2 Qb6+ 47.
Ke2 Qc5 1/2-1/2

[Event "Superettan(Rockaden,Sthlm II-Orgryte)"]
[Site "?"]
[Date "2017.03.25"]
[Round "8"]
[White "Subramanian, Aditya"]
[Black "Nikolic, Vladan"]
[Result "0-1"]
[WhiteElo "2044"]
[BlackElo "2087"]
[PlyCount "40"]
1. Nf3 Nf6 2. c4 e6 3. e3 d5 4. d4 Be7 5. b3 O-O 6. Bd3 c5 7. dxc5 Na6 8. O-O
Nxc5 9. Be2 b6 10. Nd4 Bb7 11. b4 Nce4 12. f3 Nd6 13. cxd5 Nxd5 14. a3 e5 15.
Nb5 e4 16. Nxd6 Bxd6 17. fxe4 Qh4 18. g3 Bxg3 19. hxg3 Qxg3+ 20. Kh1 Rad8 0-1

[Event "Superettan(Horndal-Upsala)"]
[Site "?"]
[Date "2017.03.25"]
[Round "8"]
[White "Johansson, Carl Fredrik"]
[Black "Eriksson, Magnus"]
[Result "1-0"]
[WhiteElo "2201"]
[BlackElo "2037"]
[PlyCount "79"]
1. d4 Nf6 2. c4 Nc6 3. Nc3 e5 4. d5 Ne7 5. Nf3 Ng6 6. h4 h5 7. Bg5 Bc5 8. e3 c6
9. Bd3 d6 10. Qc2 Ne7 11. a3 Ng4 12. Bxe7 Qxe7 13. O-O-O Bb6 14. Be4 Bd7 15.
Kb1 O-O 16. Qd2 f5 17. Bc2 f4 18. dxc6 fxe3 19. fxe3 Bxc6 20. Nd5 Bxd5 21.
Qxd5+ Qf7 22. Qd3 Nf6 23. Ng5 Qe7 24. Ne4 Rad8 25. Rhf1 Bc7 26. Nxf6+ gxf6 27.
Rf5 Rf7 28. Qd5 Kg7 29. Rxh5 Rh8 30. Rxh8 Kxh8 31. Qxb7 f5 32. Qf3 f4 33. Qh5+
Kg8 34. Be4 Rf6 35. Bd5+ Kg7 36. Qg5+ Kh7 37. exf4 exf4 38. Ka2 Bb6 39. g4 Be3
40. Qg8+ 1-0

[Event "Superettan(Vaxjo-Stockholm)"]
[Site "?"]
[Date "2017.03.25"]
[Round "8"]
[White "Sevastianov, Andrii"]
[Black "Kassani, Sam"]
[Result "1/2-1/2"]
[WhiteElo "2172"]
[BlackElo "2126"]
[PlyCount "54"]
1. c4 c5 2. g3 g6 3. Bg2 Bg7 4. Nc3 Nc6 5. Nf3 e5 6. O-O Nge7 7. a3 a5 8. Ne1
O-O 9. Nc2 d6 10. Ne3 Rb8 11. Ned5 Nxd5 12. Nxd5 Ne7 13. b4 e4 14. Nxe7+ Qxe7
15. Rb1 axb4 16. axb4 Bg4 17. h3 Bf5 18. d3 Rfe8 19. Bf4 g5 20. Be3 exd3 21.
exd3 h6 22. Qd2 Qd7 23. Kh2 b5 24. bxc5 dxc5 25. Rxb5 Rxb5 26. cxb5 Qxb5 27.
Rc1 Qxd3 1/2-1/2

[Event "Superettan(Rockaden,Sthlm II-Orgryte)"]
[Site "?"]
[Date "2017.03.25"]
[Round "8"]
[White "Crevatin, Leo"]
[Black "Lauritzson, Peter"]
[Result "1-0"]
[WhiteElo "1976"]
[BlackElo "2133"]
[PlyCount "125"]
1. d4 Nf6 2. Bf4 g6 3. e3 Bg7 4. h3 c5 5. c3 b6 6. Nf3 Bb7 7. Be2 O-O 8. O-O d6
9. Nbd2 Nbd7 10. a4 cxd4 11. exd4 Nd5 12. Bh2 a5 13. Bc4 Rc8 14. Qb3 N5f6 15.
Rfe1 d5 16. Bd3 Re8 17. Re2 h6 18. Rae1 g5 19. Ne5 Nxe5 20. Bxe5 Nh5 21. Bxg7
Kxg7 22. g3 Qd6 23. Nf1 Rc7 24. Ne3 Kh8 25. Bb5 Bc6 26. Nf5 Qf6 27. Bxc6 Rxc6
28. Nxe7 Re6 29. Rxe6 fxe6 30. Nxd5 Qf3 31. Ne3 Rf8 32. Qc2 Nf4 33. gxf4 gxf4
34. Ng4 Qxh3 35. f3 Qg3+ 36. Kf1 Qxf3+ 37. Nf2 Rg8 38. Qe4 Qg3 39. Qe5+ Rg7 40.
Ke2 f3+ 41. Ke3 Qg6 42. Rh1 Kg8 43. Rh4 Qg5+ 44. Qxg5 hxg5 45. Rg4 Kh7 46. Kxf3
Kh6 47. Ne4 Rf7+ 48. Ke2 Rf5 49. Rxg5 Rf4 50. Re5 Rh4 51. Rxe6+ Kg7 52. Nf2 Kf7
53. Rxb6 Ke7 54. Rb5 Kd7 55. Rxa5 Kc6 56. b4 Rh8 57. b5+ Kb7 58. Ra6 Re8+ 59.
Kd3 Rf8 60. Ne4 Rf3+ 61. Kc4 Rf4 62. Nc5+ Kb8 63. b6 1-0

[Event "Superettan(Horndal-Upsala)"]
[Site "?"]
[Date "2017.03.25"]
[Round "8"]
[White "Eriksson, Urban"]
[Black "Marttala, Thomas"]
[Result "0-1"]
[WhiteElo "1891"]
[BlackElo "2181"]
[PlyCount "110"]
1. e4 c5 2. Nf3 e6 3. d4 cxd4 4. Nxd4 Nf6 5. Nc3 Nc6 6. Ndb5 Bb4 7. a3 Bxc3+ 8.
Nxc3 d5 9. exd5 exd5 10. Bd3 O-O 11. O-O h6 12. Bf4 d4 13. Ne4 Nd5 14. Bd2 Ne5
15. Qh5 Nxd3 16. cxd3 f5 17. Ng3 f4 18. Ne4 Bf5 19. Rfe1 Rc8 20. Qd1 Qb6 21. b4
Kh8 22. Qb3 Rcd8 23. Rac1 Qg6 24. Kh1 f3 25. g4 Bxg4 26. Rg1 Qh5 27. Ng3 Qf7
28. Qb2 Bh3 29. Qxd4 Bg2+ 30. Rxg2 fxg2+ 31. Kg1 Nf4 32. Qxf4 Qxf4 33. Bxf4
Rxf4 34. Ne2 Rf3 35. Kxg2 Rfxd3 36. Rc7 R8d7 37. Rc8+ Kh7 38. Nf4 R3d6 39. Re8
Rf7 40. Ne6 g5 41. Nf8+ Kg7 42. Ne6+ Kf6 43. Nc5 Kg6 44. Ne4 Rd4 45. Nc5 Rd2
46. Re6+ Kg7 47. Ne4 Re2 48. Kg3 Rfxf2 49. Re7+ Rf7 50. Rxf7+ Kxf7 51. Nd6+ Kg6
52. Nxb7 Re3+ 53. Kg2 Rxa3 54. Na5 Rc3 55. Kf2 g4 0-1